MARC

LEADER 00000nam0a2200000 4500
001 292418
005 20231102000507.0
020 |a RU  |b 84-1004 
035 |a (RuTPU)RU\TPU\book\317038 
090 |a 292418 
100 |a 20150422d1983 k z0rusy5003 ca 
101 0 |a rus 
102 |a UA 
105 |a a z 001zy 
200 1 |a Выбросоопасность горных пород Донбасса  |f В. Е. Забигайло, В. В. Лукинов, А. З. Широков  |g Академия наук Украинской ССР (АН УССР), Институт геотехнической механики (ИГМ) 
210 |a Киев  |c Наукова думка  |d 1983 
215 |a 286 с.  |c ил. 
225 1 |a Наука и технический прогресс 
320 |a Библиогр.: с. 272-284 
606 1 |a Угольные шахты  |x Газовыделение  |2 stltpush  |3 (RuTPU)RU\TPU\subj\62824  |9 79879 
610 1 |a горные породы 
610 1 |a газ 
610 1 |a выбросы 
610 1 |a осадконакопление 
610 1 |a характеристики 
610 1 |a петрографические исследования 
610 1 |a коллекторские свойства 
610 1 |a физико-механические свойства 
610 1 |a газоносность 
610 1 |a залегание 
610 1 |a напряженно-деформированное состояние 
610 1 |a тектонические условия 
610 1 |a Донбасс 
610 1 |a геологоразведочные данные 
610 1 |a выбросоопасность 
610 1 |a прогноз 
675 |a 622.81  |v 3 
700 1 |a Забигайло  |b В. Е.  |g Владимир Ефимович 
701 1 |a Лукинов  |b В. В.  |g Вячеслав Владимирович 
701 1 |a Широков  |b А. З.  |g Александр Зосимович 
712 0 2 |a Академия наук Украинской ССР (АН УССР)  |b Институт геотехнической механики (ИГМ)  |2 stltpush  |3 (RuTPU)RU\TPU\col\11530 
801 0 |a RU  |b RuMRKP  |c 19950704  |g psbo 
801 1 |a RU  |b 63413507  |c 20150422 
801 2 |a RU  |b 63413507  |c 20210317  |g RCR 
942 |c BK